000 00588nam a2200217Ia 4500
003 OSt
005 20220928135537.0
006 a|||||r|||| 00| 0
007 ta
008 220927b |||||||| |||| 00| 0 eng d
024 _a2959
037 _cTextual
040 _aSDCL
_cSDCL
_beng
041 _2eng
_aeng
082 _aO-,1L70:g, K7
100 _aMurray Roger N
_9491365
245 0 _aWordsworth's style
_b Figures and themes in the lyrical ballads of 1800
260 _c1967
942 _hO-,1L70:g, K7
_cTEXL
_2CC
999 _c806755
_d806755